Autumn harvest; (Record no. 80395)
[ view plain ]
| 000 -LEADER | |
|---|---|
| fixed length control field | 00690cam a22002291 4500 |
| 001 - CONTROL NUMBER | |
| control field | sa 68004855 |
| 003 - CONTROL NUMBER IDENTIFIER | |
| control field | DLC |
| 005 - DATE AND TIME OF LATEST TRANSACTION | |
| control field | 20260227112504.0 |
| 008 - FIXED-LENGTH DATA ELEMENTS--GENERAL INFORMATION | |
| fixed length control field | 720131s1966 pk 00000 eng |
| 010 ## - LIBRARY OF CONGRESS CONTROL NUMBER | |
| LC control number | sa 68004855 //r91 |
| 025 ## - OVERSEAS ACQUISITION NUMBER | |
| Overseas acquisition number | PL480:P-E-1111 |
| 040 ## - CATALOGING SOURCE | |
| Original cataloging agency | DLC |
| Transcribing agency | DLC |
| Modifying agency | DLC |
| 041 1# - LANGUAGE CODE | |
| Language code of text/sound track or separate title | engchi |
| 050 00 - LIBRARY OF CONGRESS CALL NUMBER | |
| Classification number | PL2658.E1 |
| Item number | A9 |
| 082 00 - DEWEY DECIMAL CLASSIFICATION NUMBER | |
| Classification number | 895.1/08/005 |
| 245 00 - TITLE STATEMENT | |
| Title | Autumn harvest; |
| Remainder of title | selections from contemporary creative writings of the People's Republic of China. |
| Statement of responsibility, etc. | Editors: Afro-Asian Book Club. |
| 250 ## - EDITION STATEMENT | |
| Edition statement | [1st ed. |
| 260 0# - PUBLICATION, DISTRIBUTION, ETC. | |
| Place of publication, distribution, etc. | Lahore, |
| Date of publication, distribution, etc. | 1966] |
| 300 ## - PHYSICAL DESCRIPTION | |
| Extent | 320 p. |
| Dimensions | 18 cm. |
| 650 #0 - SUBJECT ADDED ENTRY--TOPICAL TERM | |
| Topical term or geographic name entry element | Chinese literature |
| General subdivision | Translations into English. |
| 710 20 - ADDED ENTRY--CORPORATE NAME | |
| Corporate name or jurisdiction name as entry element | Afro-Asian Book Club. |
No items available.